000 nam a22 7a 4500
999 _c128905
_d128905
008 190205b xxu||||| |||| 00| 0 eng d
050 _aSPC. GN799.A4
_bM295
100 _aManyanga, Munyaradzi
_944398
245 _aChoices and constraints
_banimal resources exploitation in South-Eastern Zimbabwe C. AD 900-1500
_cMunyaradzi Manyanga
260 _aSweden
_bdepartment of Archaelogy and Ancient History Uppsala University
_c2000
300 _a139p. ;
_c24cm.
440 _aStudies in African Archaelogy
_n18
_944399
650 _aAgriculture
_xHistory
_zZimbabwe
_944400
942 _2lcc
_cSPC